{"text_format":"3","workbook":"xlsx","n_sheets":1,"sheets":["экономика"],"not_rendered":{"defined_names":9},"read":"whole","date_system":"1900"}

{"sheet":"экономика","index":0,"n_rows":64,"n_cols":17,"rows_kept":64}
["№","Название ОУ","Фамилия","Имя","Отчество","Пол","Участник с ОВЗ","Класс","Класс участия","Первичный балл","Добавлено по итогам апелляций","Итоговый балл","Макс. Балл","Статус","Призер регионального / республиканского этапа прошлого года","Учитель","Место работы учителя"]
[1,"МБОУ \"ЗСОШ №3\" ЗМР РТ","Ахунова","Миляуша",null,"ж","нет",8,8,11,null,11,100,null,null,"Голованова Елизавета Владимировна","МБОУ \"ЗСОШ №3\""]
[2,"МБОУ \"Светлоозерская ООШ\" ЗМР РТ","Шугулева","Дарья",null,"ж","нет",8,8,20,null,20,100,null,null,"Тазов Радик Михайлович","МБОУ \"Светлоозерская ООШ\""]
[3,"МБОУ \"ЗООШ №5\" ЗМР РТ","Галимянова","Амалия",null,"ж",null,8,8,14,null,14,100,null,null,"Веселова Лариса Михайловна","МБОУ \"ЗООШ №5\""]
[4,"МБОУ \"ЗСОШ №6\" ЗМР РТ","Трофимоова","Ксения",null,"ж","нет",8,8,76,null,76,100,"победит",null,"Ветлугина Татьяна Альбертовна","МБОУ\"ЗСОШ№6\""]
[5,"МБОУ \"ЗСОШ №1\" ЗМР РТ","Андрианов","Данил",null,"м",null,8,8,4,null,4,100,null,null,"Лаврентьева Евгения Генадиевна","МБОУ «ЗСОШ №1»"]
[6,"МБОУ \"ЗСОШ №2\" ЗМР РТ","Федорова","Арианна",null,"ж",null,8,8,75,null,75,100,"призёр",null,"Колесова Валентина Васильевна","МБОУ \"ЗСОШ№2\""]
[7,"МБОУ \"ЗСОШ №6\" ЗМР РТ","Егорова","Екатерина",null,"ж","нет",8,8,16,null,16,100,null,null,"Ветлугина Татьяна Альбертовна","МБОУ\"ЗСОШ№6\""]
[8,"МБОУ \"ЗСОШ №6\" ЗМР РТ","Милочкина","Ева",null,"ж","нет",8,8,12,null,12,100,null,null,"Зайнашева Айгуль Равилевна","МБОУ \"ЗСОШ №6\""]
[9,"МБОУ \"ЗСОШ №6\" ЗМР РТ","Сабирова","Альфина",null,"ж","нет",8,8,75,null,75,100,"призёр",null,"Зайнашева Айгуль Равилевна","МБОУ \"ЗСОШ №6\""]
[10,"МБОУ \"Верхненалимская ООШ\" ЗМР РТ","Хасаншин","Абдуррахман",null,"м","нет",8,8,18,null,18,100,null,null,"Галиуллина Нурзиля Ярулловна","МБОУ \"Верхненалимская ООШ\""]
[11,"МБОУ \"Бегишевская СОШ имени М.Х. Хасанова\" ЗМР РТ","Зиннуров","Булат",null,"м","нет",8,8,11,null,11,100,null,null,"Нигматуллин Хамис Саубанович","МБОУ \"Бегишевская СОШ имени М.Х. Хасанова\""]
[12,"МБОУ \"ЗСОШ №6\" ЗМР РТ","Григорьева","Софья",null,"ж","нет",8,8,14,null,14,100,null,null,"Ветлугина Татьяна Альбертовна","МБОУ\"ЗСОШ№6\""]
[13,"МБОУ \"Александро-Слободская ООШ\" ЗМР РТ","Васимов","Айзат",null,"м","нет",8,8,11,null,11,100,null,null,"Золотарев Владимир Андреевич","МБОУ \"Александро-Слободская ООШ\""]
[14,"МБОУ \"ЗСОШ №2\" ЗМР РТ","Сулейманов","Рамазан",null,"м",null,8,8,34,null,34,100,null,null,"Колесова Валентина Васильевна","МБОУ \"ЗСОШ№2\""]
[15,"МБОУ \"ЗСОШ №1\" ЗМР РТ","Майорова","Екатерина",null,"ж",null,8,8,16,null,16,100,null,null,"Лаврентьева Евгения Генадиевна","МБОУ «ЗСОШ №1»"]
[16,"МБОУ \"ЗСОШ №2\" ЗМР РТ","Скибин","Владислав",null,"м",null,8,8,24,null,24,100,null,null,"Колесова Валентина Васильевна","МБОУ \"ЗСОШ№2\""]
[17,"МБОУ \"ЗСОШ №7 с УИОП\" ЗМР РТ","Кошенкова","Анастасия",null,"ж","нет",8,8,22,null,22,100,null,null,"Запека Юлия Михайовна","МБОУ \"ЗСОШ №7 с УИОП\" ЗМР РТ"]
[18,"МБОУ «Татарская гимназия имени Р.Ш. Фардиева» ЗМР РТ","Косова","Владислава",null,"ж","нет",9,9,12,null,12,100,null,null,"Белышева Анна Владимировна","МБОУ \"Татарская гимназия имени Р.Ш. Фардиева\""]
[19,"МБОУ \"ЗСОШ №1\" ЗМР РТ","Дудина","Александра",null,"ж","нет",9,9,15,null,15,100,null,null,"Лаврентьева Евгения Генадиевна","МБОУ «ЗСОШ №1»"]
[20,"МБОУ \"ЗООШ №5\" ЗМР РТ","Синицын","Константин",null,"м","нет",9,9,12,null,12,100,null,null,"Веселова Лариса Михайловна","МБОУ \"ЗООШ №5\""]
[21,"МБОУ «Татарская гимназия имени Р.Ш. Фардиева» ЗМР РТ","Агзамов","Ислам",null,"м","нет",9,9,19,null,19,100,null,null,"Белышева Анна Владимировна","МБОУ \"Татарская гимназия имени Р.Ш. Фардиева\""]
[22,"МБОУ \"Верхнешипкинская ООШ\" ЗМР РТ","Закирьянова","Алина",null,"ж","нет",9,9,19,null,19,100,null,null,"Закирова Венера Саитовна","МБОУ \"Верхнешипкинская ООШ\""]
[23,"МБОУ \"ЗСОШ №3\" ЗМР РТ","Каримуллина","Диляра",null,"ж","нет",9,9,56,null,56,100,"победит",null,"Халиуллин Габдулла Саигуллович","МБОУ \"ЗСОШ №3\""]
[24,"МБОУ \"ЗСОШ №3\" ЗМР РТ","Мухаметдинова","Миляуша",null,"ж","нет",9,9,53,null,53,100,"призёр",null,"Халиуллин Габдулла Саигуллович","МБОУ \"ЗСОШ №3\""]
[25,"МБОУ \"ЗСОШ №6\" ЗМР РТ","Идиятова","Аделия",null,"ж","нет",9,9,15,null,15,100,null,null,"Зайнашева Айгуль Равилевна","МБОУ \"ЗСОШ №6\""]
[26,"МБОУ \"ЗСОШ №6\" ЗМР РТ","Васильева","Анжелина",null,"ж","нет",9,9,53,null,53,100,"призёр",null,"Зайнашева Айгуль Равилевна","МБОУ \"ЗСОШ №6\""]
[27,"МБОУ «Татарская гимназия имени Р.Ш. Фардиева» ЗМР РТ","Мингалин","Раиль",null,"м","нет",9,9,9,null,9,100,null,null,"Белышева Анна Владимировна","МБОУ \"Татарская гимназия имени Р.Ш. Фардиева\""]
[28,"МБОУ \"ЗСОШ №1\" ЗМР РТ","Батоян","Гаяне",null,"ж","нет",9,9,11,null,11,100,null,null,"Лаврентьева Евгения Генадиевна","МБОУ «ЗСОШ №1»"]
[29,"МБОУ \"Тюгеевская ООШ\" ЗМР РТ","Саляхова","Виолетта",null,"ж","нет",9,9,13,null,13,100,null,null,"Архипова Юлия Леонидовна","МБОУ «Тюгеевская ООШ»"]
[30,"МБОУ \"ЗСОШ №2\" ЗМР РТ","Имамиев","Салават",null,"м","нет",9,9,16,null,16,100,null,null,"Колесова Валентина Васильевна","МБОУ \"ЗСОШ№2\""]
[31,"МБОУ \"ЗСОШ №7 с УИОП\" ЗМР РТ","Гайсина","Айсылу",null,"ж","нет",9,9,21,null,21,100,null,null,"Запека Юлия Михайовна","МБОУ \"ЗСОШ №7 с УИОП\" ЗМР РТ"]
[32,"МБОУ \"Савалеевская СОШ\" ЗМР РТ","Бутяев","Артем",null,"ж","нет",9,9,8,null,8,100,null,null,"Егорова Марина Раисовна","МБОУ \"Савалеевская СОШ\""]
[33,"МБОУ \"Савалеевская СОШ\" ЗМР РТ","Смирнов","Егор",null,"ж","нет",9,9,13,null,13,100,null,null,"Егорова Марина Раисовна","МБОУ \"Савалеевская СОШ\""]
[34,"МБОУ \"ЗСОШ №6\" ЗМР РТ","Ахметов","Тимур",null,"м","нет",9,9,31,null,31,100,null,null,"Матвеева Оксана Владимировна","МБОУ \"ЗСОШ №6\""]
[35,"МБОУ \"ЗСОШ №2\" ЗМР РТ","Ахметов","Амир",null,"м","нет",9,9,24,null,24,100,null,null,"Колесова Валентина Васильевна","МБОУ \"ЗСОШ№2\""]
[36,"МБОУ \"ЗСОШ №2\" ЗМР РТ","Плешаков","Матвей",null,"м","нет",9,9,17,null,17,100,null,null,"Колесова Валентина Васильевна","МБОУ \"ЗСОШ№2\""]
[37,"МБОУ \"Савалеевская СОШ\" ЗМР РТ","Сабаев","Георгий",null,"ж","нет",10,10,16,null,16,100,null,null,"Егорова Марина Раисовна","МБОУ \"Савалеевская СОШ\""]
[38,"МБОУ \"Бегишевская СОШ имени М.Х. Хасанова\" ЗМР РТ","Мазитов","Райхан",null,"м","нет",10,10,23,null,23,100,null,null,"Нигматуллин Хамис Саубанович","МБОУ \"Бегишевская СОШ имени М.Х. Хасанова\""]
[39,"МБОУ \"ЗСОШ №6\" ЗМР РТ","Сабиров","Булат",null,"м","нет",10,10,64,null,64,100,"призёр",null,"Матвеева Оксана Владимировна","МБОУ \"ЗСОШ№6\""]
[40,"МБОУ \"Савалеевская СОШ\" ЗМР РТ","Сабаева","Алиса",null,"ж","нет",10,10,18,null,18,100,null,null,"Егорова Марина Раисовна","МБОУ \"Савалеевская СОШ\""]
[41,"МБОУ \"Кадыровская СОШ\" ЗМР РТ","Антонова","Анжелика",null,"ж","нет",10,10,4,null,4,100,null,null,"Семенова Роза Николаевна","МБОУ \"Кадыровская СОШ\""]
[42,"МБОУ \"ЗСОШ №6\" ЗМР РТ","Маврин","Тимур",null,"м","нет",10,10,39,null,39,100,null,null,"Матвеева Оксана Владимировна","МБОУ\"ЗСОШ№6\""]
[43,"МБОУ \"ЗСОШ №2\" ЗМР РТ","Кармышев","Эмиль",null,"м","нет",10,10,8,null,8,100,null,null,"Колесова Валентина Васильевна","МБОУ \"ЗСОШ№2\""]
[44,"МБОУ \"ЗСОШ №2\" ЗМР РТ","Колышев","Вадим",null,"м","нет",10,10,19,null,19,100,null,null,"Колесова Валентина Васильевна","МБОУ \"ЗСОШ№2\""]
[45,"МБОУ \"ЗСОШ №2\" ЗМР РТ","Саляхова","Илина",null,"ж","нет",10,10,64,null,64,100,"призёр",null,"Колесова Валентина Васильевна","МБОУ \"ЗСОШ№2\""]
[46,"МБОУ \"ЗСОШ №7 с УИОП\" ЗМР РТ","Юсупов","Дамир",null,"м","нет",10,10,22,null,22,100,null,null,"Запека Юлия Михайовна","МБОУ \"ЗСОШ №7 с УИОП\" ЗМР РТ"]
[47,"МБОУ \"ЗСОШ №7 с УИОП\" ЗМР РТ","Шакирова","Диана",null,"ж","нет",10,10,33,null,33,100,null,null,"Запека Юлия Михайовна","МБОУ \"ЗСОШ №7 с УИОП\" ЗМР РТ"]
[48,"МБОУ \"ЗСОШ №6\" ЗМР РТ","Комендантов","Максим",null,"м","нет",10,10,71,null,71,100,"победит",null,"Матвеева Оксана Владимировна","МБОУ\"ЗСОШ№6\""]
[49,"МБОУ \"Кадыровская СОШ\" ЗМР РТ","Хасаншина","Альмира",null,"ж","нет",10,10,10,null,10,100,null,null,"Семенова Роза Николаевна","МБОУ \"Кадыровская СОШ\""]
[50,"МБОУ \"Кадыровская СОШ\" ЗМР РТ","Каюмова","Наргиза",null,"ж","нет",11,11,14,null,14,100,null,null,"Семенова Роза Николаевна","МБОУ \"Кадыровская СОШ\""]
[51,"МБОУ \"Савалеевская СОШ\" ЗМР РТ","Зарипов","Амирхан",null,"ж","нет",11,11,23,null,23,100,null,null,"Егорова Марина Раисовна","МБОУ \"Савалеевская СОШ\""]
[52,"МБОУ \"ЗСОШ №3\" ЗМР РТ","Пирогова","Эльвина",null,"ж","нет",11,11,19,null,19,100,null,null,"Халиуллин Габдулла Саигуллович","МБОУ \"ЗСОШ №3\""]
[53,"МБОУ \"ЗСОШ №1\" ЗМР РТ","Пляшев","Даниил",null,"м","нет",11,11,20,null,20,100,null,null,"Лаврентьева Евгения Генадиевна","МБОУ «ЗСОШ №1»"]
[54,"МБОУ \"Савалеевская СОШ\" ЗМР РТ","Агапов","Руслан",null,"ж","нет",11,11,16,null,16,100,null,null,"Егорова Марина Раисовна","МБОУ \"Савалеевская СОШ\""]
[55,"МБОУ \"ЗСОШ №3\" ЗМР РТ","Сатторова","Амалия",null,"ж","нет",11,11,19,null,19,100,null,null,"Халиуллин Габдулла Саигуллович","МБОУ \"ЗСОШ №3\""]
[56,"МБОУ \"ЗСОШ №2\" ЗМР РТ","Сучков","Павел",null,"м","нет",11,11,48,null,48,100,"победит",null,"Колесова Валентина Васильевна","МБОУ \"ЗСОШ№2\""]
[57,"МБОУ \"ЗСОШ №6\" ЗМР РТ","Евстафьев","Даниил",null,"м","нет",11,11,39,null,39,100,null,null,"Ветлугина Татьяна Альбертовна","МБОУ\"ЗСОШ№6\""]
[58,"МБОУ \"ЗСОШ №6\" ЗМР РТ","Чагаева","Эвеллина",null,"ж","нет",11,11,31,null,31,100,null,null,"Ветлугина Татьяна Альбертовна","МБОУ\"ЗСОШ№6\""]
[59,"МБОУ \"ЗСОШ №2\" ЗМР РТ","Хакимуллин","Эмиль",null,"м","нет",11,11,33,null,33,100,null,null,"Колесова Валентина Васильевна","МБОУ \"ЗСОШ№2\""]
[60,"МБОУ \"ЗСОШ №2\" ЗМР РТ","Кошечкин","Дмитрий",null,"м","нет",11,11,41,null,41,100,"призёр",null,"Колесова Валентина Васильевна","МБОУ \"ЗСОШ№2\""]
[61,"МБОУ \"ЗСОШ №2\" ЗМР РТ","Сосенков","Никита",null,"м","нет",11,11,41,null,41,100,"призёр",null,"Колесова Валентина Васильевна","МБОУ \"ЗСОШ№2\""]
[62,"МБОУ \"ЗСОШ №7 с УИОП\" ЗМР РТ","Архипов","Максим",null,"м","нет",11,11,17,null,17,100,null,null,"Юсупова Альбина Мулануровна","МБОУ \"ЗСОШ №7 с УИОП\" ЗМР РТ"]
[63,"МБОУ \"ЗСОШ №4\" ЗМР РТ","Набиуллина","Аделина",null,"ж","нет",11,11,22,null,22,100,null,null,"Федорова Наталья Игоревна","МБОУ ЗСОШ №4"]